000 00662nam a2200241Ia 4500
003 OSt
005 20221006151409.0
006 a|||||r|||| 00| 0
007 ta
008 221006b |||||||| |||| 00| 0 eng d
020 _c
_32.95
024 _a21,959
037 _cTextual
040 _aEASL
_cEASL
_beng
041 _2eng
_aeng
082 _aNQ42,K, N7
100 _aBROWN Kendall H
_9659091
245 0 _aPolitics of relusion
_b Painting and power in momoyama Japan
260 _aHonolulu
_bUniversity of Hawai's Press
_c1997
300 _a247p.
_ccm.
942 _hNQ42,K, N7
_cTEXL
_2CC
999 _c1090045
_d1090045